000 00742nam a2200217 i 4500
001 33516
003 ES-MaACL
005 20250901062524.0
007 t|
008 030202s1958 an ||||1| spa d
100 1 _aBiot, René.
_928951
245 1 0 _aPolvo viviente /
_cRené Biot ; [versión española de Federico Revilla].
260 _aAndorra :
_bCasal i Vall,
_c[1958]
300 _a138 p. ;
_c19 cm.
490 1 _aYo sé, yo creo : enciclopedia del católico en el siglo XX
650 7 _aAntropología teológica
_2embne
_9143894
700 1 _aRevilla, Federico.
_996429
830 0 0 _aYo sé, yo creo: enciclopedia del católico del siglo XX
_9186579
852 _aES-MaACL
_jC-15135
_bR.42675
999 _c33516
_d33516